| 000 | 00360 a2200157 4500 | ||
|---|---|---|---|
| 003 | Nust | ||
| 005 | 20170207153532.0 | ||
| 040 | _cNust | ||
| 082 | _a954.91 | ||
| 100 | _aWali Mazhar | ||
| 245 |
_aAzeem Quaid Azeem Tehreek _cWali Mazhar |
||
| 260 |
_aMultan _b Muslim league |
||
| 300 | _a952:p | ||
| 538 | _aAlmirah No.64 Shelf No.6 | ||
| 650 | _aPakistan History | ||
| 942 |
_2ddc _cBK |
||
| 999 |
_c188019 _d188019 |
||